00547 2200217 4500001002100000005001500021035002000036008004100056245007500097100001900172250000600191260003600197300001200233084001400245082000800259650001400267990001200281990001200293990001200305990001200317INLIS00000000000045520240430112457 a0010-0424000431240430 0 ind 1 aEnsiklopedia Bahasa Dan Sastra Indonesia ; Ragam Teks /cUti Darmawati aDarmawati, Uti a1 aKlaten :bIntan Pariwara,c2014 a116 hlm a410 UTI e a410 4aNon Fiksi a0722619 a0722620 a0722621 a0722622